000 00827cab a2200277 4500
001 ABS60412
008 090401t1999 xxu||||| |||| 00| 0 eng d
035 _a(Sirsi) u92972
041 _aeng
100 _aAlderson, F.
245 _aAbandon the `banned lists`
260 _c1999
350 _a0
490 _aConstruction News
_v(6611) 15 April 1999, 29(1)
650 _aBRE
650 _aBUILDING RESEARCH ESTABLISHMENT
650 _aBUILT ENVIRONMENT-BUILDING CONTRACT FORMS-CONSTRUCTION COLLATERAL WARRANTY FORMS
650 _aBUILT ENVIRONMENT-BUILDING CONTRACT FORMS
650 _aBUILT ENVIRONMENT-BUILDING MATERIALS
650 _aDELETERIOUS MATERIALS
650 _aGOOD PRACTICE
650 _aSELECTION
690 _aBUILT ENVIRONMENT-BUILDING CONTRACT FORMS
942 _n0
948 _c26/04/1999
999 _c58923
_d58923